[Event "Gistrup"]
[Site "Gistrup"]
[Date "1996.??.??"]
[Round "8"]
[White "Schandorff, Lars"]
[Black "Rasmussen, Karsten"]
[Result "1/2-1/2"]
[WhiteElo "2495"]
[BlackElo "2435"]
[Annotator "Lutz,C"]
[PlyCount "114"]
[EventDate "1996.07.15"]
[EventType "tourn"]
[EventRounds "9"]
[EventCountry "DEN"]
[EventCategory "10"]
[SourceTitle "CBM 055"]
[Source "ChessBase"]
[SourceDate "1996.12.01"]
[SourceVersion "1"]
[SourceVersionDate "1996.12.01"]
[SourceQuality "1"]

1. d4 d5 2. c4 c6 3. Nf3 Nf6 4. Nc3 e6 5. e3 Nbd7 6. Qc2 Bd6 7. g4 dxc4 8. Bxc4
Nd5 $5 {Dieser Zug wurde zuerst in Marin,M-Gurevich,M/Tilburg (01); CBM 39
1993 gewählt. Es wirkt etwas seltsam, den Nf6 zu ziehen, ohne daß bereits g5
geschehen ist. Allerdings kann Schwarz nun einen Aufbau mit ...b6 (statt ...b5)
wählen, ohne e4 zu fürchten} (8... b6 9. e4 $5) 9. Ne4 {Die Figurenstellung
wNe4 gegen sNd5 finden wir im Schabalow-System häufiger. Allerdings hat
Schwarz in der Regel dann mit ...b5 das Feld c5 geschwächt, so daß Weiß
mittels Ne4-c5 den Bc8 begraben kann. Mir gefällt 9.Bd2 besser:} (9. Bd2 b6 10.
e4 $5 Nxc3 11. Bxc3 Bb7 12. O-O-O $13 {Gelfand,B-Lautier,J/Dos Hermanas (08) ;
CBM 41 1994}) 9... Be7 10. Bd2 b6 11. h4 (11. O-O-O Bb7 12. Kb1 Qc7 13. Rhg1 a5
14. Rc1 c5 15. dxc5 bxc5 16. Bb5 O-O 17. Bxd7 Qxd7 $13 {Degerman,L-Stefansson,
H/Reykjavik zt (03) ;CBM 47 1995}) 11... Bb7 12. Rh3 h6 (12... Qc7 13. O-O-O c5
14. dxc5 {Marin,M-Gurevich,M (02)/Tilburg (01) ;CBM 39 1993} bxc5 $5 {Gurevich,
M}) 13. g5 Qc7 14. g6 $6 fxg6 15. Nc3 O-O-O 16. Qxg6 Bf6 17. Rc1 Nxc3 18. Bxc3
Rhe8 $40 19. Rg3 Kb8 20. b4 Re7 21. Be2 e5 22. dxe5 Nxe5 23. Nxe5 Bxe5 24. Bxe5
Qxe5 25. Qc2 Qf6 26. Rg4 g5 27. Qc3 Qf5 28. Qc2 Qd5 29. Rd1 Qh1+ 30. Bf1 Rf8
31. Qd3 Ree8 32. hxg5 hxg5 33. a4 Qf3 34. Qe2 Qf5 35. Rgd4 c5 36. Rd7 Bc6 37.
Rg7 Qe5 38. Rh7 Bxa4 39. Rc1 Qf5 40. Rxa7 Bb5 41. Qd2 Rd8 42. Qa2 Bxf1 43. Ra8+
Kb7 44. Ra7+ Kb8 45. Ra8+ Kb7 46. Ra7+ Kc6 47. Kxf1 Qh3+ 48. Kg1 Qg4+ 49. Kf1
Qh3+ 50. Kg1 Qg4+ 51. Kf1 Rd1+ 52. Rxd1 Qxd1+ 53. Kg2 Qg4+ 54. Kf1 Qd1+ 55. Kg2
Qf3+ 56. Kg1 Qg4+ 57. Kf1 Qd1+ 1/2-1/2

[Event "St Petersburg-ch"]
[Site "St Petersburg"]
[Date "1996.??.??"]
[Round "1"]
[White "Epishin, Vladimir"]
[Black "Sakaev, Konstantin"]
[Result "1/2-1/2"]
[WhiteElo "2620"]
[BlackElo "2600"]
[Annotator "Lutz,C"]
[PlyCount "73"]
[EventDate "1996.04.??"]
[EventType "tourn"]
[EventRounds "13"]
[EventCountry "RUS"]
[EventCategory "11"]
[SourceTitle "CBM 056"]
[Source "ChessBase"]
[SourceDate "1997.02.01"]
[SourceVersion "1"]
[SourceVersionDate "1997.02.01"]
[SourceQuality "1"]

1. d4 Nf6 2. c4 e6 3. Nf3 d5 4. Nc3 c6 5. e3 Nbd7 6. Qc2 Bd6 7. Be2 O-O 8. O-O
Qe7 9. a3 Re8 10. Rd1 a5 $5 {Dieser scheinbar etwas schwächende Zug hat den
Sinn, weißes b2-b4 zu verhindern und andererseits mit ...b7-b6 noch etwas zu
warten.} (10... b6 11. e4 $14) (10... h6) (10... a6) 11. b3 (11. h3 $5 h6 12.
b3 b6 (12... dxc4 13. bxc4 e5 14. Bb2 $14 {[%csl Rb7][%cal Yb1b7] >< <-> b})
13. e4 Nxe4 14. Nxe4 dxe4 15. Qxe4 Nf6 (15... Bb7 $5 16. Bf4 $141 Bxa3 17. c5
Bb4) 16. Qh4 (16. Qxc6 $2 {Gurevich,M} Bd7 17. Qxb6 Reb8 $19) 16... Bb7 17. Bf4
$1 Bxf4 (17... Bxa3 $2 18. Bxh6 $5 gxh6 19. Qxh6 $40 {Gurevich,M}) 18. Qxf4 c5
19. Ne5 $14 {[%csl Ra5,Rb6,Rc5] >< a5,b6, c5 1/2-1/2 Gurevich,M-Ruzele,D/
Cappelle op 1996 (91)}) (11. e4 $6 Nxe4 12. Nxe4 dxe4 13. Qxe4 e5 $11 {Weiß
sollte wegen dieser Möglichkeit erst dann e3-e4 spielen, wenn Schwarz sich
bereits zu ...b7-b6 entschlossen hat.}) 11... b6 12. Bb2 Bb7 13. Na4 (13. e4
Nxe4 14. Nxe4 dxe4 15. Qxe4 $11 {führt nur zum Ausgleich, da der weiße Läufer
auf b2 schelchter steht als auf f4.}) 13... Rec8 14. Ne5 b5 15. Nxd7 Nxd7 16.
Nc3 b4 17. axb4 axb4 18. Rxa8 Rxa8 19. Na4 dxc4 20. Bxc4 h6 21. g3 Re8 22. Bf1
c5 $11 23. Bg2 Bxg2 24. Kxg2 cxd4 25. Bxd4 Ne5 26. e4 Qb7 27. Nb6 Bc7 28. Bxe5
Bxe5 29. Nc4 Qc6 30. Qe2 Bc3 31. Rd6 Qa8 32. Rd7 Rd8 33. Nb6 Qb8 34. Qa6 Bd4
35. Rxd8+ Qxd8 36. Nc4 Bc5 37. Qc6 1/2-1/2

[Event "Capablanca Memorial Elite 31st"]
[Site "Cienfuegos"]
[Date "1996.??.??"]
[Round "4"]
[White "Garcia Ilundain, David"]
[Black "Vera Gonzalez Quevedo, Reynaldo"]
[Result "1/2-1/2"]
[WhiteElo "2550"]
[BlackElo "2495"]
[Annotator "Lutz,C"]
[PlyCount "37"]
[EventDate "1996.05.??"]
[EventType "tourn"]
[EventRounds "13"]
[EventCountry "CUB"]
[EventCategory "12"]
[SourceTitle "CBM 054"]
[Source "ChessBase"]
[SourceDate "1996.10.01"]
[SourceVersion "1"]
[SourceVersionDate "1996.10.01"]
[SourceQuality "1"]

1. d4 Nf6 2. Nf3 d5 3. c4 c6 4. Nc3 e6 5. e3 Nbd7 6. Qc2 Bd6 7. Be2 O-O 8. O-O
e5 9. cxd5 cxd5 10. dxe5 Nxe5 11. Rd1 Nxf3+ 12. Bxf3 Qc7 13. h3 Bh2+ $1 {
Ein typisches Manöver. Auf h1 wird der König schlechter stehen als auf g1.} 14.
Kh1 Be5 15. Bd2 Be6 16. Be1 (16. Qd3 Qd7 17. Be1 Rfd8 18. Kg1 Rac8 19. Rac1 d4
20. exd4 Bxd4 21. Qe2 h6 22. b3 a6 $10 {Karpov,An-Kasparov,G/Linares (08) ;CBM
22 1991}) 16... Rfd8 {[%csl Rb2,Rc3][%cal Ye1c3,Yc1c8,Re5b2] Das weiße Problem
ist der Nc3, der die c-Linie und den Be1 blockiert. Allerdings ist es aufgrund
des schwachen Pb2 nicht leicht, den Springer umzugruppieren.} 17. Rac1 (17. Qe2
a6 18. Rac1 $6 (18. Na4 Rac8 19. Bc3 b5 20. Bxe5 Qxe5 21. Nc3 b4 22. Na4 a5 $10
{Epishin,V-Illescas Cordoba,M/URS-ESP mT ;EXT 91 1991}) 18... Rac8 19. a3 (19.
Nxd5 $2 Qxc1 20. Rxc1 Rxc1 $19 {Khalifman}) 19... Qd7 20. Kg1 Bb8 $1 21. g3 Ba7
22. g4 $2 (22. h4 Qd6 $15 {Khalifman}) 22... h6 $1 $17 {Gurevich,M-Khalifman,A/
Biel izt (07) ;CBM 37 1993}) 17... Rac8 18. Qa4 Qb8 19. Qb5 (19. Nb5 $5 {
sieht wie der einzige Versuch aus, um die Initiative zu kämpfen.} Bxb2 20. Rb1
Rc4 21. Qxa7) (19. Qb5 a6 $10) 1/2-1/2

[Event "Monaco m"]
[Site "Monte Carlo"]
[Date "1996.??.??"]
[Round "6"]
[White "Piket, Jeroen"]
[Black "Dreev, Alexey"]
[Result "1-0"]
[WhiteElo "2570"]
[BlackElo "2670"]
[Annotator "Lutz,C"]
[PlyCount "72"]
[EventDate "1996.04.??"]
[EventType "match"]
[EventRounds "8"]
[EventCountry "MNC"]
[SourceTitle "CBM 053"]
[Source "ChessBase"]
[SourceDate "1996.08.01"]
[SourceVersion "1"]
[SourceVersionDate "1996.08.01"]
[SourceQuality "1"]

1. d4 {Ftacnik} d5 2. c4 c6 3. Nf3 Nf6 4. Nc3 e6 5. e3 Nbd7 6. Qc2 b6 (6... Bd6
7. Be2 O-O 8. O-O Re8 9. Rd1 b6 10. e4 dxe4 11. Nxe4 Nxe4 12. Qxe4 Qc7 13. Be3
Bb7 14. c5 $1 {Wieder das gleiche Motiv.} bxc5 (14... Be7 15. b4 $14 {Ftacnik,L
}) 15. dxc5 Nxc5 (15... Bxc5 16. Rxd7 Qxd7 17. Bxc5 $16 {Ftacnik,L}) (15... Bf8
16. Rac1 Nf6 17. Qf4 e5 18. Qg3 Nd5 19. Bg5 Re6 20. Qh4 {und hier wurde
Zvagintsev,V-Kramnik,V/Moscow olm (12) RUS 2-RUS 1 ; CBM 45 1994 Remis gegeben.
Da dieser Mannschaftskampf mit 4 Kurzremisen endete, ist diese Partie
allerdings nicht besonders aussagekräftig. Weiß steht wohl etwas besser.}) 16.
Qc2 Na6 17. Ng5 g6 (17... Bxh2+ 18. Kh1 g6 19. Qa4 Nb8 20. Qh4 f6 21. Nxe6 $18
{Ftacnik,L}) 18. Qa4 Nb4 19. Rxd6 $1 Qxd6 20. Ne4 Qe5 21. Qxb4 Red8 22. f4 a5 (
22... Qc7 23. Nf6+ Kh8 24. Bd4 $18 {Ftacnik,L}) 23. fxe5 axb4 24. Nc5 Rab8 25.
Bc4 Bc8 26. g4 Ra8 27. Rf1 Kg7 28. Kg2 Ra5 29. Kg3 Ra8 30. h4 Ra5 31. h5 Ra8
32. hxg6 hxg6 33. Bg5 {1-0 Dreev,A-Cifuentes Parada,R/Wijk (C1.1) ;CBM 45 1995}
) 7. Be2 Bb7 8. O-O Bd6 9. Rd1 O-O 10. e4 dxe4 11. Nxe4 Nxe4 12. Qxe4 Re8 (
12... Qe7) 13. c5 (13. Bf4 Nf6 14. Qe3 Bxf4 15. Qxf4 Qe7 16. Ne5 Rac8 17. Rd3
c5 18. dxc5 Rxc5 19. Rad1 Qc7 20. Rd6 a5 21. b3 {Benoit,M-Prie,E/Cappelle op 
(03)/1995/0-1 (62)}) 13... Bf8 (13... bxc5 14. dxc5 (14. Bg5 {Ftacnik} Qb6)
14... Nxc5 (14... Bxc5 15. Qc2 {/\ Rd7, /\ Ne5} (15. Ng5 {Ftacnik} g6 16. Qh4
h5 17. Bxh5 $1 $16)) 15. Qc2 (15. Qb4 a5 16. Qg4 $13) 15... Qc7 (15... Qe7 16.
Be3 Na6 17. Bxa6 Bxa6 18. Qxc6 $18) (15... e5 16. Ng5 g6 17. Bc4 {/\ Be3}) 16.
Be3 {führt zur obigen Partie.} (16. Be3 {Ftacnik} Na6 $13)) 14. Qc2 Qc7 15. Be3
bxc5 (15... Rad8 {Ftacnik} 16. Bd3) 16. dxc5 Nf6 17. Rd4 $14 {[%csl Ra7,Rb7]}
Nd5 18. Bd2 g6 (18... e5 {Ftacnik} 19. Ra4) 19. Ra4 e5 20. Rc1 Bg7 (20... f5 {
Ftacnik} 21. Bc4 Bg7) 21. Bc4 Bc8 (21... f5 {Ftacnik} 22. Bxd5+ cxd5 23. c6 Bc8
24. Qb3 $14) 22. Qb3 Rb8 (22... Be6 {Ftacnik} 23. Ng5 Rab8 24. Nxe6 Rxe6 25.
Qa3) 23. Qa3 e4 (23... Re7 $5 {Ftacnik} 24. Bxd5 (24. Ba5 Qd7 (24... Qb7 25.
Bxd5 cxd5 26. Rb4 Qa8 27. Rxb8 Qxb8 28. c6 $14) 25. Bxd5 Qxd5 26. Bc3 Rbb7 $15)
24... cxd5 25. c6 e4 26. Nd4 Be5 $13) 24. Rxa7 Bxb2 25. Qa4 Bxc1 (25... Rb7 {
Ftacnik} 26. Rxb7 Bxb7 27. Rb1 exf3 28. Rxb2 Re7 29. gxf3 Qe5 30. Qc2 $14) (
25... Bb7 {Ftacnik} 26. Rb1 Nc3 27. Bxc3 Bxc3 28. Ng5 Re7 29. Nxf7 Rxf7 30.
Bxf7+ Qxf7 31. Raxb7 Rxb7 32. Qa8+ $18) 26. Rxc7 exf3 (26... Nxc7 {Ftacnik} 27.
Bxf7+ Kxf7 28. Ng5+ Kg8 29. Bxc1 Ba6 30. Qc2 Bd3 31. Qd2 Rb1 32. h4 Na6 33. Kh2
$16) (26... Bxd2 {Ftacnik} 27. Rxc8 $1 (27. Rxc6 exf3 (27... Rb1+ 28. Bf1 exf3
29. Rxg6+ hxg6 30. Qxe8+ Kg7 31. Qe5+ (31. Qxc8 Ne3 $1 $19) 31... Nf6 32. Qd6
$14) 28. Rxg6+ hxg6 29. Qxe8+ Kh7 30. Qxf7+ Kh6 31. Qxd5 Rb1+ 32. Bf1 Bb4 33.
Qe4 Bf5 34. Qxf3 $18) 27... exf3 28. Rxb8 Rxb8 29. gxf3 Rb1+ 30. Bf1 (30. Kg2
$4 Nf4+ 31. Kg3 Rg1+ 32. Kh4 g5#) 30... Nc3 31. Qa6 $18) 27. Qxc6 (27. Bxd5 {
Ftacnik} Bxd2 28. Bxf7+ Kf8 29. h4 Rb4 (29... Re1+ 30. Kh2 Rb4 31. Rxc8+ Kxf7
32. Qxc6 $18) 30. Bxe8 (30. Qxc6 Re1+ 31. Kh2 Rxh4+ 32. Kg3 Rg4+ 33. Kxf3 Rf4+
34. Kg3 Rg4+ $10) 30... Rxa4 31. Rxc8 $16) 27... Nxc7 (27... Be6 {Ftacnik} 28.
Bxd5 Bxd2 29. gxf3 Bf4 30. Bxe6 Rxe6 31. Rc8+ $18) 28. Qxc7 Rb7 (28... Be6 {
Ftacnik} 29. Bxe6 fxe6 30. Bxc1 Rb1 31. gxf3 Rxc1+ 32. Kg2 $18) 29. Bxf7+ (29.
Qc6 $1 {Ftacnik} Rd7 (29... Rbe7 30. Bc3 (30. Bxc1 Bb7 $1) 30... Bb7 31. Qf6
$18) 30. Bc3 Rd1+ 31. Bf1 Red8 32. Qa4 (32. Qf6 Rxf1+ 33. Kxf1 Rd1+ 34. Be1 Bd7
35. Qc3 Bd2 36. Qxd2 Rxd2 37. Bxd2 fxg2+ 38. Kxg2 $14) 32... h5 33. Bf6 $18)
29... Kg7 $4 (29... Kf8 30. Qd6+ Kxf7 31. Qd5+ (31. Qf4+ Bf5 32. Qxf3 Re4 $19)
31... Kf8 32. Qxf3+ Rf7 33. Qd1 (33. Qc3 Bxd2 34. Qxd2 $15) 33... Bxd2 34. Qxd2
$17 {Wirthensohn,H}) 30. Bc3+ Kf8 (30... Kh6 31. Qg3 Re4 32. gxf3 $18) 31. Qd6+
Ree7 (31... Kxf7 {Ftacnik} 32. Qf6+ Kg8 33. Qh8+ Kf7 34. Qxh7+ Kf8 35. Qh8+ Kf7
36. Qg7+ Ke6 37. Qxg6+ Kd5 38. Qxe8 $18) 32. Bd5 Rbd7 33. Qf6+ Rf7 (33... Ke8 {
Ftacnik} 34. Qh8#) 34. Qh8+ Ke7 35. Qe5+ Kf8 (35... Kd8 {Ftacnik} 36. Ba5+) 36.
c6 Ra7 (36... Ra7 {Ftacnik} 37. Qh8+ Ke7 38. Bb4#) 1-0

[Event "Enghien les Bains"]
[Site "Enghien les Bains"]
[Date "2003.06.19"]
[Round "6"]
[White "Bareev, Evgeny"]
[Black "Fressinet, Laurent"]
[Result "1-0"]
[WhiteElo "2734"]
[BlackElo "2595"]
[Annotator "Lutz,C"]
[PlyCount "129"]
[EventDate "2003.06.13"]
[EventType "tourn"]
[EventRounds "9"]
[EventCountry "FRA"]
[EventCategory "17"]
[SourceTitle "CBM 096"]
[Source "ChessBase"]
[SourceDate "2003.09.25"]
[SourceVersion "1"]
[SourceVersionDate "2003.09.25"]
[SourceQuality "1"]

1. d4 d5 2. c4 c6 3. Nc3 Nf6 4. e3 e6 5. Nf3 Nbd7 6. Qc2 Bd6 7. g4 Bb4 8. Bd2
Qe7 9. Bd3 Bxc3 $5 {Zu diesem Zug habe ich erst einen Vorgänger gesehen, aber
er erscheint mir sehr beachtenswert.} (9... b6 $6 10. cxd5 Nxd5 11. Nxd5 cxd5
12. Rc1 Bxd2+ 13. Kxd2 O-O 14. Qc7 $16 {1/2-1/2 Gelfand,B-Bacrot,E/Cannes 2002/
CBM 88/[Lutz] (32)}) (9... h6 {0-1 Khechumyan,G-Zivanic,M/Budapest 2000/CBM 79
ext (29)}) (9... Nxg4 {1-0 Kempinski,R-San Segundo Carrillo,P/Pula 1997/CBM 57
ext (71)}) (9... e5 {0-1 Kempinski,R-Rogozenko,D/Koszalin 1998/CBM 65 ext (44)}
) (9... dxc4 {1-0 Johansson,V-Trabert,B/Warsaw 2001/CBM 82 ext (34)}) 10. Bxc3
(10. bxc3 e5 11. g5 e4 12. gxf6 Nxf6 13. cxd5 exd3 14. Qxd3 cxd5 $36 {Die
weiße Stellung macht angesichts der Schwächen auf den weißen Feldern keinen
guten Eindruck.} 15. Ne5 O-O 16. f3 Ne8 17. Qb5 Nd6 18. Qxd5 Be6 19. Qa5 Qh4+
20. Kd1 Qh5 21. Qb4 Rfd8 22. Ke2 f6 23. Nd3 Bc4 24. Qb1 Ne4 25. Qg1 Nc5 26.
dxc5 Rxd3 27. Ke1 Qxf3 {0-1 Barsov,A-Reefat,B/Dhaka 2003/CBM 95 (27)}) 10...
dxc4 11. Bxc4 b5 12. Be2 Bb7 13. g5 {Beide Seiten müssen aktiv spielen. Was
wird schwerer wiegen: Das weiße Läuferpaar und die potenzielle
Zentrumsübermacht oder die schnelle Entwicklung des Schwarzen und die
geschwächten weißen Felder?} Nd5 14. Bd2 O-O 15. e4 Nb4 $1 {Schwarz hält voll
dagegen und scheut sich nicht, auch einen Springer ins Geschäft zu stecken.}
16. Qc3 c5 17. dxc5 a5 18. a3 Nxc5 $1 {Dieses Springeropfer hatte Fressinet
von langer Hand vorbereitet. Schwarz erhält unmittelbar zwei Bauern, mit der
weiteren Option, einen dritten zu gewinnen.} 19. axb4 Nxe4 20. Qe3 Nxd2 21.
Qxd2 Rfd8 22. Qe3 Qxb4+ 23. Qc3 Qxc3+ 24. bxc3 Rac8 25. Rg1 Rxc3 26. Rg3 Rc5
27. h4 b4 {Die Bauernmasse entschädigt Schwarz mehr als genug für die
Minusfigur und "eigentlich" sollte Schwarz rosigen Zeiten entgegen sehen, aber
...} 28. Nd2 Bd5 29. Rd3 Rdc8 30. Bd1 g6 31. Ke2 Bc6 32. Ba4 Bb7 33. Kd1 Rf5
34. Rd7 Bd5 35. Ke2 Rc3 36. Bb5 b3 37. Rb1 Re5+ 38. Kf1 b2 39. f4 Rf5 $2 (39...
Bg2+ 40. Kg1 Rxb5 41. Kxg2 a4 $19) 40. Rxb2 Rxf4+ 41. Ke1 Rxh4 42. Be2 Rg3 43.
Bf3 $5 {Ein raffinierter Zug, der eine teuflische Falle stellt.} Bxf3 $4 {
... und Fressinet tappt herein.} (43... Rxg5 44. Bxd5 Rxd5 45. Rxd5 exd5 46.
Rb5 a4 47. Rxd5 h5 {, und es kann nur die Frage sein, ob Schwarz gewinnt oder
Weiß noch ein Unentschieden erreicht.}) 44. Rb8+ Kg7 45. Nxf3 {Nun wird
Fressinet klar geworden sein, dass die beiden weißen Türme und der Pg5 ein
Mattnetz um den schwarzen König gewoben haben.} Rb4 (45... Rxf3 46. Rdd8 {
, und Schwarz muss einen Turm geben, um nicht direkt matt gesetzt zu werden.})
46. Ra8 Rb5 (46... Rg2 47. Kf1 $1 Rc2 48. Rdd8 Rb1+ 49. Ne1 $18 {hilft auch
nicht.}) 47. Kf2 Rg4 48. Rdd8 Rgxg5 49. Nxg5 Rxg5 {Ich bin nicht sicher, ob
diese Stellung schon völlig chancenlos für Schwarz ist, aber Fressinet wird
durch den unglücklichen Verlauf der Partie sicherlich demoralisert gewesen
sein.} 50. Rd3 Rf5+ 51. Rf3 Rxf3+ 52. Kxf3 g5 53. Kg4 Kh6 54. Rg8 f5+ 55. Kf3
e5 56. Re8 e4+ 57. Ke3 Kh5 58. Re7 Kg6 59. Re6+ Kf7 60. Ra6 h5 61. Kd4 h4 62.
Ke5 e3 63. Kxf5 h3 64. Ra7+ Kf8 65. Rxa5 1-0

[Event "Hoogovens-B"]
[Site "Wijk aan Zee"]
[Date "1997.02.02"]
[Round "11"]
[White "Bacrot, Etienne"]
[Black "Cifuentes Parada, Roberto"]
[Result "1/2-1/2"]
[WhiteElo "2500"]
[BlackElo "2515"]
[Annotator "Lutz,C"]
[PlyCount "119"]
[EventDate "1997.01.21"]
[EventType "tourn"]
[EventRounds "11"]
[EventCountry "NED"]
[EventCategory "10"]
[SourceTitle "CBM 057"]
[Source "ChessBase"]
[SourceDate "1997.04.01"]
[SourceVersion "1"]
[SourceVersionDate "1997.04.01"]
[SourceQuality "1"]

1. c4 {Hecht} c6 2. Nc3 d5 3. d4 Nf6 4. Nf3 e6 5. e3 Nbd7 6. Qc2 Bd6 7. b3 O-O
8. Be2 Qe7 9. O-O b6 10. a4 $5 {Ich glaube nicht, daß der Einschub der Züge
a2-a4 und ...a7-a5 dem Weißen nutzt. Häufiger wurden Ideen mit e2-e4 probiert.}
(10. e4 Nxe4 11. Nxe4 dxe4 12. Qxe4 Bb7 13. Bf4 Bxf4 14. Qxf4 c5 (14... Rac8 $6
15. Rad1 c5 16. Ne5 cxd4 17. Nxd7 Qxd7 18. Rxd4 Qe7 19. Rfd1 $14 {1-0 Gurevich,
M-Lesiege,A/Biel izt 1993 (29)}) 15. Qc7 Bxf3 16. Bxf3 Rac8 17. Qf4 (17. Qxa7
cxd4 $132) 17... cxd4 $11 {Ftacnik}) 10... a5 11. Bb2 Bb7 12. Rac1 Rac8 13.
Rfd1 c5 $6 {Etwas verfrüht, da Weiß seine Stellung nicht richtig verstärken
kann. In Betracht kam 13..Rfe8!?:} (13... Rfe8 $5 14. e4 Nxe4 15. Nxe4 dxe4 16.
Qxe4 Nf6 17. Qh4 c5 {und der Bd6 bekommt das Feld c5 (eine Folge von a2-a4 und
...a7-a5)} 18. dxc5 Bxc5 19. Bxf6 $2 Qxf6 20. Qxf6 gxf6 21. Rd7 Bc6 {ist nur
zum schwarzen Vorteil.}) 14. Nb5 Bb8 15. Qb1 e5 $2 (15... Rfe8 $5) 16. dxe5
Nxe5 17. Bxe5 $1 Bxe5 18. Qf5 Rce8 19. Qxe5 Qxe5 20. Nxe5 Rxe5 21. Bf3 Rb8 22.
Nc7 d4 23. exd4 cxd4 24. Rxd4 $16 (24. Bxb7 $5 Rxb7 25. Nb5 $16) 24... Bxf3 25.
gxf3 Rc8 26. Nb5 Rg5+ 27. Kf1 Rh5 28. Rcd1 Kf8 29. Kg2 Rg5+ 30. Kh1 Re8 31. Nc3
Rf5 32. R4d3 g6 33. Kg2 Re6 34. Re3 Rc6 35. Ne2 Rg5+ 36. Ng3 h5 37. Rd4 Kg7 38.
h4 Rgc5 39. f4 Rc7 40. Red3 R7c6 41. Rd6 Kf8 42. f5 Ke7 43. Rxc6 Rxc6 44. fxg6
fxg6 45. Ne2 Nd7 46. Nf4 Nc5 47. Re3+ Kf7 48. Kg3 Rd6 49. Nd5 Re6 50. Kf4 Rxe3
51. fxe3 {[#] Hecht schwache weiße Einzelbauern und starker schwarzer
Randfreibauer binden wK+S} Nxb3 52. Nxb6 Nc5 53. e4 Ne6+ 54. Ke3 g5 55. hxg5 h4
56. Nc8 h3 57. Nd6+ Kg6 58. Kf2 Nc5 59. Kg3 Kxg5 60. e5 1/2-1/2

[Event "Vienna Bawag"]
[Site "Vienna"]
[Date "1996.??.??"]
[Round "3"]
[White "Stefanova, Antoaneta"]
[Black "Polgar, Sofia"]
[Result "0-1"]
[WhiteElo "2370"]
[BlackElo "2495"]
[Annotator "Lutz,C"]
[PlyCount "62"]
[EventDate "1996.05.??"]
[EventType "tourn"]
[EventRounds "9"]
[EventCountry "AUT"]
[EventCategory "9"]
[SourceTitle "CBM 054"]
[Source "ChessBase"]
[SourceDate "1996.10.01"]
[SourceVersion "1"]
[SourceVersionDate "1996.10.01"]
[SourceQuality "1"]

1. d4 Nf6 2. Nf3 d5 3. c4 e6 4. Nc3 c6 5. e3 Nbd7 6. Qc2 b6 7. Bd3 Bb7 (7...
Ba6 8. b3 Bb4 9. O-O Rc8 10. Bb2 O-O 11. Rfd1 c5 12. cxd5 Bxd3 13. Qxd3 Bxc3
14. Bxc3 Nxd5 15. Bb2 Qe7 16. Rac1 Rfd8 17. h3 Nb4 18. Qb1 a5 19. a3 Nd5 20.
Qd3 $14 {Vyzmanavin,A-Kramnik,V/London PCA (02) [1] ;EXP 42 1994}) 8. e4 dxe4
9. Nxe4 Nxe4 10. Bxe4 Nf6 11. O-O Be7 12. Bf4 O-O 13. Rad1 Nxe4 14. Qxe4 Rc8
15. Rd3 Bf6 16. Ne5 (16. Be5 $5 $10) 16... Qe7 17. Ng4 Bh4 $1 18. Qe2 Rfd8 19.
Rh3 $2 c5 (19... Rxd4 20. Be5 Rd7 21. Nh6+ gxh6 22. Qg4+ Bg5 23. f4 $132) 20.
dxc5 Rxc5 $15 21. Ne5 g6 22. b4 Rcc8 23. Ng4 h5 24. Ne5 Rd4 $17 25. Nxg6 (25.
Rxh4 Qxh4 26. Nxg6 Qf6 27. Be5 Qxg6 28. Bxd4 Qxg2#) 25... fxg6 26. Rxh4 Rcxc4
27. Qe3 Qf7 28. g3 Qf5 29. Bg5 Rd3 30. Rxc4 Rxe3 31. fxe3 Qd5 0-1

[Event "Hoogovens-B"]
[Site "Wijk aan Zee"]
[Date "1997.01.25"]
[Round "4"]
[White "Janssen, Ruud"]
[Black "Cifuentes Parada, Roberto"]
[Result "1/2-1/2"]
[WhiteElo "2350"]
[BlackElo "2515"]
[Annotator "Lutz,C"]
[PlyCount "37"]
[EventDate "1997.01.21"]
[EventType "tourn"]
[EventRounds "11"]
[EventCountry "NED"]
[EventCategory "10"]
[SourceTitle "CBM 057"]
[Source "ChessBase"]
[SourceDate "1997.04.01"]
[SourceVersion "1"]
[SourceVersionDate "1997.04.01"]
[SourceQuality "1"]

1. c4 c6 2. Nf3 d5 3. e3 Nf6 4. Nc3 e6 5. b3 Nbd7 6. Bb2 Bd6 7. d4 O-O 8. Bd3
Qe7 (8... e5 9. cxd5 cxd5 10. dxe5 Nxe5 11. Be2 Nxf3+ 12. Bxf3 Be5 13. O-O Be6
14. Qd2 Rc8 15. Rfd1 Bg4 16. Rac1 Bxf3 17. gxf3 Rc6 18. Ne2 $14 {1/2-1/2
Jussupow,A-Akopian,V/GER-ARM Baden Baden (4) 1996 (42)}) 9. Qc2 (9. O-O dxc4
10. bxc4 e5 11. Nd2 Re8 12. Qb3 Nf8 13. Nce4 Nxe4 14. Nxe4 exd4 15. exd4 Bc7
16. Rfe1 $14 {1-0 Hausner,I-Hermann,M/Berlin Neukoelln 1988 (34)}) 9... dxc4 $6
{Gibt dem Weißen eine Struktur, die bekanntermaßen günstig ist. Besser
gefallen mir schwarze Aufbauten mit ...b6.} 10. bxc4 $14 e5 11. O-O Re8 12. c5
(12. Ng5 $14) 12... Bc7 13. Bc4 e4 14. Ng5 Bxh2+ 15. Kh1 Nd5 16. Qxe4 Qxe4 17.
Ncxe4 Bc7 18. Nc3 N7f6 19. e4 (19. e4 Nxc3 20. Bxc3 Re7 21. f3 $14) 1/2-1/2